Vitamins & Supplements / (Record no. 203704)

MARC details
000 -LEADER
fixed length control field 01827nam a2200325 i 4500
003 - CONTROL NUMBER IDENTIFIER
control field OSt
005 - DATE AND TIME OF LATEST TRANSACTION
control field 20260518175704.0
008 - FIXED-LENGTH DATA ELEMENTS--GENERAL INFORMATION
fixed length control field 260406t20252025njua gr f 001 0 eng d
020 ## - INTERNATIONAL STANDARD BOOK NUMBER
International Standard Book Number 9781394311507
Qualifying information paperback
Terms of availability RM90.09
040 ## - CATALOGING SOURCE
Original cataloging agency PPAK
Language of cataloging eng
Transcribing agency PPAK
Description conventions rda
082 04 - DEWEY DECIMAL CLASSIFICATION NUMBER
Classification number 613.286
Edition number 23
090 00 - LOCALLY ASSIGNED LC-TYPE CALL NUMBER (OCLC); LOCAL CALL NUMBER (RLIN)
Classification number (OCLC) (R) ; Classification number, CALL (RLIN) (NR) 613.286
Feature heading WEI
Feature heading G
100 1# - MAIN ENTRY--PERSONAL NAME
Personal name Weinstock, Shelley B.,
Titles and words associated with a name PhD, CNS, FACN
Relator term author.
245 10 - TITLE STATEMENT
Title Vitamins & Supplements /
Statement of responsibility, etc. by Shelley B. Weinstock, PhD, CNS, FACN ; Acquisition Editor : Jennifer Yee
264 #1 - PRODUCTION, PUBLICATION, DISTRIBUTION, MANUFACTURE, AND COPYRIGHT NOTICE
Place of production, publication, distribution, manufacture Hoboken, New Jersey :
Name of producer, publisher, distributor, manufacturer John Wiley & Sons, Inc.,
Date of production, publication, distribution, manufacture, or copyright notice 2025
Date of production, publication, distribution, manufacture, or copyright notice ©2025
300 ## - PHYSICAL DESCRIPTION
Extent xiv, 336 pages :
Other physical details illustrations ;
Dimensions 24 cm
336 ## - CONTENT TYPE
Content type term text
Source rdacontent
Content type term still image
Source rdacontent
337 ## - MEDIA TYPE
Media type term unmediated
Source rdamedia
338 ## - CARRIER TYPE
Carrier type term volume
Source rdacarrier
490 1# - SERIES STATEMENT
Series statement For dummies
500 ## - GENERAL NOTE
General note Includes index.
520 ## - SUMMARY, ETC.
Summary, etc. "Vitamins and supplements for dummies" will teach you how to choose the best vitamins, minerals, and supplements to provide nutrition for your mind and body. Inside, you'll find easy-to-follow explanations of what key vitamin and minerals do, so you can make the right choices for your needs. Factors like age, lifestyle, gender, ethnicity, diet, and habits all play a role in determining which vitamins and minerals you need more or less of in your <br/>diet. Learn how to get blood tests, keep a diet record, and other methods of finding out where you may benefit from changes to your regimen. With this book, you can follow healing programs that include vitamin, mineral, and<br/>herbal supplements and lifestyle tweaks. If you use supplements wisely, they can improve your health, wellness, and longevity.
650 10 - SUBJECT ADDED ENTRY--TOPICAL TERM
Topical term or geographic name entry element Vitamins.
Topical term or geographic name entry element Nutrition.
700 1# - ADDED ENTRY--PERSONAL NAME
Personal name Yee, Jennifer,
Relator term editor.
830 #0 - SERIES ADDED ENTRY--UNIFORM TITLE
Uniform title For dummies.
942 ## - ADDED ENTRY ELEMENTS (KOHA)
Source of classification or shelving scheme Dewey Decimal Classification
Koha item type Book

No items available.